|
|
|
|
| LEADER |
01069nam a2200289 a 4500 |
| 001 |
2999241 |
| 008 |
121010r20061994nyua 000 0 eng d |
| 999 |
|
|
|c 12904
|d 12904
|
| 010 |
|
|
|a 93060207
|
| 020 |
|
|
|a 9780500202685
|
| 020 |
|
|
|a 0500202680
|
| 040 |
|
|
|a DLC
|c DLC
|d BD-DhAAL
|
| 082 |
0 |
0 |
|a 709.04
|2 20
|
| 245 |
0 |
0 |
|a Concepts of modern art :
|b from fauvism to postmodernism /
|c edited by Niko.s Stangos.
|
| 250 |
|
|
|a 3rd ed., expanded and updated
|
| 260 |
|
|
|a New York, N.Y. :
|b Thames and Hudson,
|c 1994.[Reprinted 2006]
|
| 300 |
|
|
|a 424 p. :
|b ill. ;
|c 21 cm.
|
| 490 |
1 |
|
|a World of art
|
| 500 |
|
|
|a 139 illustrations.
|
| 504 |
|
|
|a Includes bibliographical references and index.
|
| 526 |
|
|
|a ARC
|
| 541 |
1 |
|
|e 00026027
|
| 650 |
|
0 |
|a Art, Modern
|y 20th century.
|9 32466
|
| 700 |
1 |
|
|a Stangos, Nikos.
|9 32467
|
| 852 |
1 |
|
|a Ayesha Abed Library
|j General shelf
|
| 942 |
|
|
|2 ddc
|c BK
|
| 952 |
|
|
|0 0
|1 0
|4 0
|6 709_040000000000000_CON
|7 0
|9 21299
|a BRACUL
|b BRACUL
|c GEN
|d 2012-10-10
|e Trim Education
|g 2450.00
|l 4
|m 17
|o 709.04 CON
|p 3010026027
|r 2024-02-22
|s 2024-02-15
|t 1
|w 2012-10-10
|y BK
|